00777nam a2200145 a 4500020002700000020003000027100002800057245002500085250001200110260003600122300001300158490002700171520036300198856007000561 a0132145219 (paperback) a9780132145213 (paperback)1 aFleddermann, Charles B.10aEngineering ethics / a2nd ed. a[S.l.] :bPrentice Hall,c2004. a192 p. ;1 a4th edition) (esource. aEngineering Ethics is ideal for use in undergraduate engineering programs incorporating ethics topics. Engineering Ethics serves as both a textbook and a resource for the study of engineering ethics. It is written to help future engineers be prepared for confronting and resolving ethical dilemmas that they might encounter during their professional careers.40uhttp://www.amazon.com/exec/obidos/ASIN/0132145219/chopaconline-20